[Event "CAN-ch"]
[Site "Toronto CAN"]
[Date "2004.08.22"]
[Round "3"]
[White "Day, Lawrence"]
[Black "Moskvitch, Andrei"]
[Result "1/2-1/2"]
[WhiteElo "2266"]
[BlackElo "2179"]
[PlyCount "68"]
[GameId "2160767911077886"]
[EventDate "2004.08.20"]
[EventType "swiss"]
[EventRounds "11"]
[EventCountry "CAN"]
[SourceTitle "CBM 101 Extra"]
[Source "ChessBase"]
[SourceDate "2004.09.01"]
[SourceVersion "2"]
[SourceVersionDate "2004.09.01"]
[SourceQuality "1"]

1. Nf3 d5 2. d3 c5 3. Bf4 Nc6 4. Nbd2 e6 5. e4 Qf6 6. exd5 exd5 7. Qe2+ Be6 8. Be5 Nxe5 9. Qxe5 Qxe5+ 10. Nxe5 Bd6 11. Nef3 Ne7 12. g3 f6 13. Bg2 Nc6 14. O-O Kf7 15. a3 Rhe8 16. Rfc1 Rad8 17. c3 g5 18. b4 g4 19. Ne1 d4 20. Ne4 dxc3 21. Nxd6+ Rxd6 22. bxc5 Rd7 23. Bxc6 bxc6 24. Rxc3 Bf5 25. Rd1 Re2 26. Ng2 Ra2 27. Ne3 Kg6 28. Kf1 Rb7 29. Nc4 Be6 30. Ke1 Bxc4 31. Rxc4 f5 32. a4 Rbb2 33. Rf4 Rc2 34. d4 Rxa4 1/2-1/2

[Event "CAN-ch"]
[Site "Toronto CAN"]
[Date "2004.08.22"]
[Round "3"]
[White "Dougherty, Michael"]
[Black "Mikanovic, Goran"]
[Result "1-0"]
[WhiteElo "2229"]
[BlackElo "2278"]
[PlyCount "74"]
[GameId "2160767911077887"]
[EventDate "2004.08.20"]
[EventType "swiss"]
[EventRounds "11"]
[EventCountry "CAN"]
[SourceTitle "CBM 101 Extra"]
[Source "ChessBase"]
[SourceDate "2004.09.01"]
[SourceVersion "2"]
[SourceVersionDate "2004.09.01"]
[SourceQuality "1"]

1. d4 Nf6 2. c4 e6 3. Nc3 Bb4 4. e3 O-O 5. Bd3 c5 6. a3 Bxc3+ 7. bxc3 d5 8. cxd5 exd5 9. Ne2 b6 10. O-O Ba6 11. Ng3 Re8 12. Bxa6 Nxa6 13. Qd3 Qc8 14. f3 Qb7 15. Ra2 Rac8 16. Re2 cxd4 17. cxd4 Rc4 18. e4 Qc8 19. Bb2 Re6 20. e5 Ne8 21. f4 Rec6 22. f5 Rc2 23. Ref2 Nb8 24. Qf3 Rxf2 25. Rxf2 Qd8 26. Qg4 Rc4 27. Nh5 Kh8 28. f6 g6 29. e6 gxh5 30. Qg5 Nxf6 31. Rxf6 fxe6 32. Qe5 Kg7 33. Rf5+ Kg8 34. Qxe6+ Kh8 35. Qe5+ Kg8 36. Rg5+ Kf7 37. Rg7+ Kf8 1-0

[Event "CAN-ch"]
[Site "Toronto CAN"]
[Date "2004.08.22"]
[Round "3"]
[White "Peng, David Yu"]
[Black "Yoos, John"]
[Result "1/2-1/2"]
[WhiteElo "2038"]
[BlackElo "2405"]
[PlyCount "47"]
[GameId "2160767911077889"]
[EventDate "2004.08.20"]
[EventType "swiss"]
[EventRounds "11"]
[EventCountry "CAN"]
[SourceTitle "CBM 101 Extra"]
[Source "ChessBase"]
[SourceDate "2004.09.01"]
[SourceVersion "2"]
[SourceVersionDate "2004.09.01"]
[SourceQuality "1"]

1. e4 c5 2. Nf3 d6 3. d4 Nf6 4. Nc3 cxd4 5. Nxd4 Nc6 6. Bc4 Bd7 7. O-O e6 8. Re1 Be7 9. Bb3 a6 10. Bg5 O-O 11. Qd2 Qc7 12. Rad1 Rad8 13. Nf3 Bc8 14. Bf4 Ne5 15. Qe2 b5 16. Nxe5 dxe5 17. Bg3 Bb7 18. f3 Bc5+ 19. Bf2 Bd4 20. Rd3 Bc6 21. Nd1 a5 22. c3 Ba7 23. Bxa7 Qxa7+ 24. Nf2 1/2-1/2

[Event "CAN-ch"]
[Site "Toronto CAN"]
[Date "2004.08.22"]
[Round "3"]
[White "Sasata, Robert"]
[Black "Jung, Hans"]
[Result "1-0"]
[WhiteElo "2242"]
[BlackElo "2196"]
[PlyCount "117"]
[GameId "2160767911077890"]
[EventDate "2004.08.20"]
[EventType "swiss"]
[EventRounds "11"]
[EventCountry "CAN"]
[SourceTitle "CBM 101 Extra"]
[Source "ChessBase"]
[SourceDate "2004.09.01"]
[SourceVersion "2"]
[SourceVersionDate "2004.09.01"]
[SourceQuality "1"]

1. d4 d5 2. c4 e6 3. Nf3 Nf6 4. e3 Bb4+ 5. Nbd2 O-O 6. a3 Be7 7. Bd3 b6 8. Qe2 c5 9. e4 dxc4 10. Nxc4 cxd4 11. e5 Nd5 12. Qe4 g6 13. Bh6 Re8 14. h4 Nd7 15. b4 Bb7 16. h5 Nxb4 17. Qxd4 Nxd3+ 18. Qxd3 Nc5 19. Qe3 Bxf3 20. gxf3 Qd5 21. Nd6 Bxd6 22. exd6 Qe5 23. Rd1 Qxe3+ 24. Bxe3 Nd7 25. Rc1 Rac8 26. Ke2 e5 27. Rhd1 Rxc1 28. Rxc1 Re6 29. Rc8+ Kg7 30. h6+ Kf6 31. Rh8 g5 32. Rxh7 Kg6 33. Rg7+ Kxh6 34. Rxf7 Rxd6 35. Rf5 Rg6 36. Rf7 Rg7 37. Bxg5+ Kg6 38. Rxg7+ Kxg7 39. Kd3 Kg6 40. Be3 Kf5 41. Kc4 Ke6 42. Kb5 Nb8 43. Bh6 Kd5 44. Be3 Kd6 45. f4 e4 46. Bd2 Nd7 47. Bc3 Nc5 48. f5 Kd5 49. f6 Ke6 50. Kc6 Nd7 51. f7 Nf8 52. Bb4 Kxf7 53. Bxf8 Kxf8 54. Kb7 a5 55. Kxb6 Kf7 56. Kxa5 Kf6 57. Kb4 Kf5 58. Kc3 Kf4 59. Kd4 1-0

[Event "CAN-ch"]
[Site "Toronto CAN"]
[Date "2004.08.22"]
[Round "3"]
[White "Tessier, Olivier"]
[Black "Kret, Ted"]
[Result "1/2-1/2"]
[WhiteElo "2141"]
[BlackElo "2142"]
[PlyCount "40"]
[GameId "2160767911077891"]
[EventDate "2004.08.20"]
[EventType "swiss"]
[EventRounds "11"]
[EventCountry "CAN"]
[SourceTitle "CBM 101 Extra"]
[Source "ChessBase"]
[SourceDate "2004.09.01"]
[SourceVersion "2"]
[SourceVersionDate "2004.09.01"]
[SourceQuality "1"]

1. e4 c5 2. Nf3 Nc6 3. d4 cxd4 4. Nxd4 Nf6 5. Nc3 e5 6. Ndb5 d6 7. Bg5 a6 8. Na3 b5 9. Bxf6 gxf6 10. Nd5 f5 11. Bxb5 axb5 12. Nxb5 Ra4 13. b4 Qh4 14. O-O Rg8 15. c4 fxe4 16. Nbc7+ Kd8 17. Qxa4 Rxg2+ 18. Kxg2 Qg4+ 19. Kh1 Qf3+ 20. Kg1 Qg4+ 1/2-1/2

[Event "CAN-ch"]
[Site "Toronto CAN"]
[Date "2004.08.22"]
[Round "3.1"]
[White "Milicevic, Goran"]
[Black "Tyomkin, Dimitri"]
[Result "1/2-1/2"]
[WhiteElo "2328"]
[BlackElo "2550"]
[PlyCount "62"]
[GameId "2160767911077892"]
[EventDate "2004.08.20"]
[EventType "swiss"]
[EventRounds "11"]
[EventCountry "CAN"]

1. d4 Nf6 2. c4 g6 3. Nc3 d5 4. cxd5 Nxd5 5. Bd2 Nb6 6. Nf3 Bg7 7. Bf4 O-O 8. e3 c5 9. dxc5 N6d7 10. Be2 Qa5 11. O-O Bxc3 12. bxc3 Nxc5 13. Qd5 Be6 14. Qg5 f6 15. Qh6 Nbd7 16. h4 Rf7 17. Rfd1 Nf8 18. Nd4 Rc8 19. c4 Na4 20. Nxe6 Nxe6 21. Bf3 Nc3 22. Bd5 Nxd5 23. cxd5 Ng7 24. e4 Qa4 25. f3 Rc2 26. Rdc1 Rf8 27. Rxc2 Qxc2 28. Rc1 Qe2 29. d6 e5 30. Rc7 Rf7 31. Rc8+ Rf8 1/2-1/2

[Event "CAN-ch"]
[Site "Toronto CAN"]
[Date "2004.08.22"]
[Round "3.3"]
[White "Bluvshtein, Mark"]
[Black "Henry, Liam"]
[Result "1-0"]
[WhiteElo "2520"]
[BlackElo "2145"]
[PlyCount "45"]
[GameId "2160767911077894"]
[EventDate "2004.08.20"]
[EventType "swiss"]
[EventRounds "11"]
[EventCountry "CAN"]

1. d4 Nf6 2. c4 g6 3. Nc3 Bg7 4. e4 d6 5. Nf3 O-O 6. Be2 e5 7. d5 a5 8. Be3 Nh5 9. g3 f5 10. exf5 Bxf5 11. Ng5 Nf6 12. g4 Bd7 13. h4 Na6 14. Nge4 Nxe4 15. Nxe4 h6 16. Qd2 Kh7 17. Qc2 Kg8 18. Qc1 Kh7 19. Qb1 Kg8 20. Ng3 Be8 21. g5 hxg5 22. hxg5 Bf7 23. Qe4 1-0

[Event "CAN-ch"]
[Site "Toronto CAN"]
[Date "2004.08.22"]
[Round "3.4"]
[White "Spraggett, Kevin"]
[Black "Djerkovic, Miladin"]
[Result "1-0"]
[WhiteElo "2630"]
[BlackElo "2270"]
[PlyCount "93"]
[GameId "2160767911077895"]
[EventDate "2004.08.20"]
[EventType "swiss"]
[EventRounds "11"]
[EventCountry "CAN"]

1. e4 e5 2. Nf3 Nc6 3. Bb5 a6 4. Ba4 Nf6 5. O-O Be7 6. Re1 b5 7. Bb3 d6 8. c3 O-O 9. h3 Nd7 10. d4 Bf6 11. d5 Ne7 12. a4 Bb7 13. axb5 axb5 14. Rxa8 Qxa8 15. Na3 Ba6 16. Nc2 Nc5 17. Nb4 Nxb3 18. Qxb3 Bc8 19. Be3 Bd7 20. Qc2 Ng6 21. Qd2 Be7 22. Nh2 Qe8 23. g4 Nh4 24. f3 Kh8 25. Ra1 g6 26. Bg5 Qd8 27. Bxe7 Qxe7 28. Ra7 f5 29. Qe3 fxe4 30. fxe4 Rf7 31. Rxc7 Qf8 32. Ra7 h5 33. Nc2 hxg4 34. hxg4 g5 35. Ne1 Ng6 36. Nef3 Nf4 37. Nxg5 Rg7 38. Ne6 Bxe6 39. Rxg7 Qxg7 40. dxe6 Qh6 41. e7 Qg6 42. Qa7 Nh3+ 43. Kf1 Qe8 44. Nf3 Kg7 45. Nh4 Kf6 46. Nf5 Qf7 47. e8=N+ 1-0

[Event "CAN-ch"]
[Site "Toronto CAN"]
[Date "2004.08.22"]
[Round "3.5"]
[White "Zugic, Igor"]
[Black "Stevens, Christian"]
[Result "1-0"]
[WhiteElo "2522"]
[BlackElo "2320"]
[PlyCount "63"]
[GameId "2160767911077896"]
[EventDate "2004.08.20"]
[EventType "swiss"]
[EventRounds "11"]
[EventCountry "CAN"]

1. d4 Nf6 2. Nf3 e6 3. g3 b5 4. Bg2 Bb7 5. O-O c5 6. c3 Nc6 7. Bg5 d5 8. Nbd2 h6 9. Bxf6 Qxf6 10. e4 cxd4 11. exd5 exd5 12. cxd4 Be7 13. Nb3 O-O 14. Rc1 Rac8 15. Bh3 Ra8 16. a3 Bc8 17. Bxc8 Rfxc8 18. Qd3 a6 19. Rc2 Rc7 20. Rfc1 Rac8 21. Kg2 Bd6 22. Nfd2 a5 23. Qxb5 Nxd4 24. Nxd4 Qxd4 25. Nf3 Qa7 26. Rxc7 Rxc7 27. Rxc7 Qxc7 28. Qxd5 a4 29. Qa8+ Qb8 30. Qxb8+ Bxb8 31. Nd2 Bd6 32. Ne4 1-0

[Event "CAN-ch"]
[Site "Toronto CAN"]
[Date "2004.08.22"]
[Round "3.7"]
[White "Quan Zhe"]
[Black "Predescu, Sebastian"]
[Result "1-0"]
[WhiteElo "2420"]
[BlackElo "2232"]
[PlyCount "93"]
[GameId "2160767911077897"]
[EventDate "2004.08.20"]
[EventType "swiss"]
[EventRounds "11"]
[EventCountry "CAN"]

1. d4 Nf6 2. c4 g6 3. Nc3 Bg7 4. e4 d6 5. f3 O-O 6. Be3 c5 7. d5 e6 8. Qd2 exd5 9. cxd5 a6 10. a4 Re8 11. Bd3 h5 12. Nge2 Nbd7 13. O-O Ne5 14. h3 Nh7 15. f4 Nxd3 16. Qxd3 f5 17. e5 dxe5 18. Bxc5 b6 19. Ba3 e4 20. Qe3 Nf6 21. Rfd1 Bd7 22. Rac1 Qb8 23. b3 Qb7 24. Bd6 Rac8 25. Be5 Red8 26. Qd4 Bf8 27. Kh2 Ne8 28. Qe3 Ng7 29. Nd4 b5 30. axb5 axb5 31. d6 b4 32. Na2 Ne8 33. Nc2 Be6 34. Ncxb4 Rxc1 35. Rxc1 Nxd6 36. Nc6 Ra8 37. Nab4 Nf7 38. Nd4 Bxb4 39. Nxe6 Nxe5 40. Qd4 Qe7 41. Qxe5 Bd6 42. Qd5 Rb8 43. Rc6 Rb5 44. Rc8+ Kh7 45. Ng5+ Kg7 46. Qg8+ Kf6 47. Nh7+ 1-0

[Event "CAN-ch"]
[Site "Toronto CAN"]
[Date "2004.08.22"]
[Round "3.8"]
[White "Krnan, Tomas"]
[Black "Filipovich, David"]
[Result "1-0"]
[WhiteElo "2409"]
[BlackElo "2258"]
[PlyCount "57"]
[GameId "2160767911077898"]
[EventDate "2004.08.20"]
[EventType "swiss"]
[EventRounds "11"]
[EventCountry "CAN"]

1. e4 g6 2. d4 Bg7 3. Nc3 c6 4. Nf3 d5 5. h3 Nf6 6. e5 Ne4 7. Nxe4 dxe4 8. Ng5 c5 9. Bc4 O-O 10. c3 cxd4 11. cxd4 b5 12. Bb3 Bb7 13. h4 h6 14. Nxf7 Rxf7 15. Bxf7+ Kxf7 16. h5 g5 17. Bxg5 Nc6 18. Be3 Qd5 19. Qg4 Nxd4 20. O-O-O Qc4+ 21. Kb1 Bd5 22. Bxd4 Qxa2+ 23. Kc1 e6 24. Rh3 Rc8+ 25. Kd2 Qa4 26. Ke1 Bb3 27. Rg3 Bf8 28. Qg6+ Ke7 29. Bc5+ 1-0

[Event "CAN-ch"]
[Site "Toronto CAN"]
[Date "2004.08.22"]
[Round "3.11"]
[White "Tipu, Vincent"]
[Black "Nezirovic, Ozren"]
[Result "1-0"]
[WhiteElo "2307"]
[BlackElo "2122"]
[PlyCount "45"]
[GameId "2160767911077899"]
[EventDate "2004.08.20"]
[EventType "swiss"]
[EventRounds "11"]
[EventCountry "CAN"]

1. d4 g6 2. e4 d6 3. Nc3 Nf6 4. Nf3 Bg7 5. Be2 O-O 6. O-O c5 7. d5 e6 8. dxe6 Bxe6 9. Be3 b6 10. Qd2 d5 11. exd5 Nxd5 12. Rfd1 Bxc3 13. bxc3 Nc6 14. Bh6 Re8 15. Bb5 Qc7 16. Ng5 Rad8 17. Bxc6 Qxc6 18. c4 Nf6 19. Qxd8 Rxd8 20. Rxd8+ Ne8 21. Ne4 Bd7 22. Re1 f5 23. Ng5 1-0

[Event "CAN-ch"]
[Site "Toronto CAN"]
[Date "2004.08.22"]
[Round "3.15"]
[White "Ochkoos, Jura"]
[Black "Cazelais, Marc"]
[Result "0-1"]
[WhiteElo "2338"]
[BlackElo "2192"]
[PlyCount "147"]
[GameId "2160767911077901"]
[EventDate "2004.08.20"]
[EventType "swiss"]
[EventRounds "11"]
[EventCountry "CAN"]

1. e4 c5 2. Nf3 Nc6 3. d4 cxd4 4. Nxd4 Nf6 5. Nc3 e5 6. Ndb5 d6 7. Bg5 a6 8. Na3 b5 9. Nd5 Qa5+ 10. Bd2 Qd8 11. Bd3 Nxd5 12. exd5 Ne7 13. c4 g6 14. cxb5 Bg7 15. bxa6 O-O 16. Nc4 Rxa6 17. Ne3 Ra7 18. Bc3 Bb7 19. Bc4 Qa8 20. O-O Ba6 21. Bxa6 Rxa6 22. a4 f5 23. g3 f4 24. gxf4 Rxf4 25. a5 Qc8 26. Qe2 Ra8 27. Rfd1 Qh3 28. Qf1 Qh5 29. a6 Bh6 30. Qg2 Rh4 31. Re1 Bxe3 32. Rxe3 Nf5 33. Rg3 Nxg3 34. fxg3 Ra4 35. Rf1 R4xa6 36. Qf2 g5 37. Qf6 Qg6 38. Qxg6+ hxg6 39. Kg2 Rf8 40. Re1 Rc8 41. Kf3 Ra4 42. Ke3 Rc5 43. Rd1 g4 44. Rd2 Ra1 45. Bb4 Re1+ 46. Kf2 Rcc1 47. Bxd6 Rf1+ 48. Ke3 Rce1+ 49. Re2 Rf3+ 50. Kd2 Rxe2+ 51. Kxe2 e4 52. Bc5 Rd3 53. d6 Kf7 54. b4 Ke6 55. Kf2 Kd7 56. Ke2 Kc6 57. Kf2 Rb3 58. Ke2 e3 59. Bxe3 Kxd6 60. Bf4+ Kd5 61. Bc7 Rxb4 62. Ke3 Re4+ 63. Kd3 Re8 64. Bf4 Ra8 65. Bc7 Ra3+ 66. Ke2 Ke4 67. Bf4 Ra2+ 68. Bd2 Rb2 69. Ke1 Kf3 70. Bf4 Rxh2 71. Bd6 Re2+ 72. Kd1 Rg2 73. Ke1 Rg1+ 74. Kd2 0-1

[Event "CAN-ch"]
[Site "Toronto CAN"]
[Date "2004.08.22"]
[Round "3.16"]
[White "MacPhail, John"]
[Black "Patterson, Roger"]
[Result "1-0"]
[WhiteElo "2333"]
[BlackElo "2195"]
[PlyCount "143"]
[GameId "2160767911077902"]
[EventDate "2004.08.20"]
[EventType "swiss"]
[EventRounds "11"]
[EventCountry "CAN"]

1. e4 e5 2. Nf3 Nc6 3. Bb5 a6 4. Bxc6 dxc6 5. O-O Qd6 6. d3 Nf6 7. Nbd2 Be6 8. b3 Be7 9. Bb2 Nd7 10. Qe2 O-O-O 11. Rfe1 Bg4 12. h3 Bxf3 13. Nxf3 g5 14. d4 Bf6 15. Rad1 Qe7 16. dxe5 Nxe5 17. Bxe5 Bxe5 18. Qe3 Kb8 19. Qxg5 f6 20. Rxd8+ Rxd8 21. Qe3 Qa3 22. Nxe5 fxe5 23. Qc3 Qe7 24. a4 Qg5 25. Qe3 Qg6 26. g3 Qd6 27. Qg5 Rd7 28. Kg2 Qc5 29. Re2 Qd4 30. Qe3 Qd1 31. g4 b6 32. a5 b5 33. g5 h6 34. Re1 Qd6 35. h4 Rg7 36. Rg1 hxg5 37. hxg5 Qd8 38. Kf3 Rg6 39. Ke2 Kb7 40. Qd3 Qh8 41. Qd7 Qh5+ 42. Qg4 Rxg5 43. Qxh5 Rxh5 44. Rg6 Rh4 45. Ke3 Rh3+ 46. Rg3 Rh6 47. Rg5 Rh3+ 48. Rg3 Rh2 49. b4 c5 50. bxc5 Kc6 51. Rg6+ Kxc5 52. Rxa6 Kb4 53. Rc6 Kxa5 54. Rxc7 Rh3+ 55. f3 Kb6 56. Re7 Rh5 57. Rf7 Rh2 58. Kd3 Kc5 59. Rd7 Kc6 60. Rd5 Rf2 61. Rxe5 Rxf3+ 62. Kd4 Rf2 63. Rc5+ Kb6 64. Rc8 Kb7 65. Rc3 Re2 66. e5 Kb6 67. Kd5 Rd2+ 68. Ke6 Re2 69. Kd6 b4 70. Rc8 Kb7 71. Rc4 Ka6 72. Rxb4 1-0

[Event "CAN-ch"]
[Site "Toronto CAN"]
[Date "2004.08.22"]
[Round "3.17"]
[White "Masse, Hugues"]
[Black "Gravel, Simon M"]
[Result "0-1"]
[WhiteElo "2188"]
[BlackElo "2333"]
[PlyCount "80"]
[GameId "2160767911077903"]
[EventDate "2004.08.20"]
[EventType "swiss"]
[EventRounds "11"]
[EventCountry "CAN"]

1. d4 Nf6 2. c4 c5 3. d5 b5 4. Nf3 Bb7 5. a4 Qa5+ 6. Bd2 b4 7. Qc2 d6 8. e4 Nbd7 9. Bd3 g6 10. O-O Bg7 11. Re1 Qc7 12. h3 O-O-O 13. Bf4 e5 14. dxe6 fxe6 15. Ng5 Rde8 16. Nd2 Rhf8 17. Be3 h6 18. Ngf3 g5 19. Nh2 Nh5 20. Bf1 Ne5 21. Rad1 Nc6 22. Nb3 e5 23. Be2 Nf4 24. Bg4+ Kb8 25. g3 Ne6 26. Bxe6 Rxe6 27. f3 Nd4 28. Nxd4 exd4 29. Bf2 h5 30. Qd3 Be5 31. Kg2 Ref6 32. Rh1 Bc8 33. Rdg1 Qd7 34. Nf1 Rxf3 35. Qxf3 Rxf3 36. Kxf3 Qxa4 37. Nd2 Bxh3 38. b3 Bg4+ 39. Kg2 Qa2 40. Be1 Be2 0-1

[Event "CAN-ch"]
[Site "Toronto CAN"]
[Date "2004.08.22"]
[Round "3.18"]
[White "Feoktistov, Dmitri"]
[Black "Divljan, Igor"]
[Result "1/2-1/2"]
[WhiteElo "2175"]
[BlackElo "2344"]
[PlyCount "77"]
[GameId "2160767911077904"]
[EventDate "2004.08.20"]
[EventType "swiss"]
[EventRounds "11"]
[EventCountry "CAN"]

1. e4 c5 2. c3 Nf6 3. e5 Nd5 4. d4 cxd4 5. Nf3 e6 6. cxd4 d6 7. Bc4 Nc6 8. O-O Nb6 9. Bd3 dxe5 10. dxe5 Nb4 11. Be4 Qxd1 12. Rxd1 N4d5 13. a4 a5 14. Nc3 Nxc3 15. bxc3 Nd7 16. Be3 Nc5 17. Bxc5 Bxc5 18. Rab1 Ra7 19. Nd4 Bxd4 20. Rxd4 Ke7 21. Rc4 Bd7 22. Rxb7 Rxb7 23. Bxb7 Rb8 24. Be4 Rb2 25. g3 Ra2 26. Bc6 Bxc6 27. Rxc6 Rxa4 28. Rc7+ Ke8 29. Ra7 g5 30. Kg2 g4 31. c4 Kf8 32. c5 Kg7 33. c6 h5 34. h3 Rc4 35. Rxa5 Kg6 36. hxg4 hxg4 37. Ra6 Rc5 38. Ra4 Kg5 39. Rf4 1/2-1/2

[Event "CAN-ch"]
[Site "Toronto CAN"]
[Date "2004.08.22"]
[Round "3.19"]
[White "Noritsyn, Nikolay"]
[Black "Thavandiran, Shiyam"]
[Result "1/2-1/2"]
[WhiteElo "2323"]
[BlackElo "2253"]
[PlyCount "219"]
[GameId "2160767911077905"]
[EventDate "2004.08.20"]
[EventType "swiss"]
[EventRounds "11"]
[EventCountry "CAN"]

1. e4 e6 2. d4 d5 3. Nc3 Bb4 4. e5 Ne7 5. a3 Bxc3+ 6. bxc3 c5 7. Qg4 O-O 8. Bd3 Nbc6 9. Nf3 f5 10. exf6 Rxf6 11. Bg5 Rf7 12. Bxe7 Rxe7 13. Qh4 g6 14. O-O c4 15. Be2 Qf8 16. Rfe1 Bd7 17. Bf1 Rae8 18. Re3 Kg7 19. Rae1 h6 20. Nd2 Rf7 21. Rh3 h5 22. Qg3 Rf5 23. Be2 Kh7 24. Bg4 Rf6 25. Nf3 Qh6 26. Ne5 Nxe5 27. Qxe5 Qf4 28. Qxf4 Rxf4 29. Bd1 Ref8 30. Rf3 Rxf3 31. Bxf3 Kg7 32. Kf1 Kf6 33. Ke2 Ke7 34. Kd2 Kd6 35. Re5 a5 36. Rg5 Rf6 37. Re5 Be8 38. Ke3 Bf7 39. Kd2 Kc6 40. Kc1 Bg8 41. Kd2 Kd6 42. Ke2 Bf7 43. Kd1 Be8 44. Kd2 Bc6 45. Rg5 Ke7 46. Ke3 Kf7 47. h3 Ba4 48. Bd1 Kg7 49. Re5 Bd7 50. g4 hxg4 51. Bxg4 Kf7 52. h4 Ke7 53. Rg5 Be8 54. Re5 Kd6 55. f3 Bd7 56. Kf2 Rf8 57. Kg3 Rb8 58. Kf4 Ke7 59. Ke3 Rh8 60. h5 gxh5 61. Rxh5 Rxh5 62. Bxh5 Kf6 63. Bg4 Be8 64. f4 Bg6 65. Kd2 Bf5 66. Bh5 Kg7 67. Be8 Bg6 68. Bd7 Bf5 69. Be8 Bg6 70. Bd7 Kf6 71. Bc8 b6 72. Bd7 Ke7 73. Bc8 Kd6 74. Kd1 Bf5 75. Kd2 Kc7 76. Ba6 Bg6 77. Bb5 Kd8 78. Ba4 Be8 79. Bxe8 Kxe8 80. a4 Ke7 81. Ke2 Kf6 82. Kf2 Kg6 83. Kg2 Kg7 84. Kg3 Kf6 85. Kf2 Ke7 86. Ke2 Ke8 87. Ke3 Kf8 88. Ke2 Kg8 89. Kf3 Kg7 90. Kg3 Kf6 91. Kf2 Ke7 92. Ke2 Kd6 93. Kd2 Kc6 94. Kc1 b5 95. axb5+ Kxb5 96. Kb2 Kc6 97. Ka3 Kd6 98. Ka4 Ke7 99. Kxa5 Kf6 100. Kb6 Kf5 101. Kc6 Kxf4 102. Kd7 e5 103. dxe5 Kxe5 104. Kc6 Ke4 105. Kc5 Ke5 106. Kc6 d4 107. cxd4+ Kxd4 108. Kb5 Kc3 109. Kc5 Kxc2 110. Kxc4 1/2-1/2

[Event "CAN-ch"]
[Site "Toronto CAN"]
[Date "2004.08.22"]
[Round "3.20"]
[White "Lavin, David"]
[Black "Lawson, Eric"]
[Result "0-1"]
[WhiteElo "2171"]
[BlackElo "2336"]
[PlyCount "182"]
[GameId "2160767911077906"]
[EventDate "2004.08.20"]
[EventType "swiss"]
[EventRounds "11"]
[EventCountry "CAN"]

1. d4 Nf6 2. c4 e6 3. Nf3 b6 4. g3 Bb7 5. Bg2 c5 6. O-O cxd4 7. Qxd4 d6 8. Nc3 Be7 9. b3 a6 10. Bb2 Nbd7 11. e4 Qc7 12. Qe3 O-O 13. Nd4 Rfe8 14. Rac1 Bf8 15. Qd2 Rad8 16. Rfe1 Qb8 17. Nc2 Nc5 18. f3 b5 19. b4 Ncd7 20. cxb5 Ne5 21. Ne3 d5 22. exd5 Bxb4 23. f4 exd5 24. Qd4 Nd3 25. Qxd3 d4 26. Qc4 Ba5 27. Nf5 Bxg2 28. Rxe8+ Rxe8 29. Kxg2 dxc3 30. Bxc3 axb5 31. Qc6 Re6 32. Qf3 Bxc3 33. Rxc3 g6 34. Nd4 Re4 35. Nc6 Qa8 36. Rc2 Kg7 37. Ne5 h5 38. h3 h4 39. g4 Qa4 40. Qb3 Qxb3 41. axb3 Rxf4 42. Rc5 b4 43. Nc6 Rf2+ 44. Kxf2 Ne4+ 45. Kf3 Nxc5 46. Nxb4 g5 47. Nd5 Nxb3 48. Ne7 Kf6 49. Nf5 Ke5 50. Ke3 Na5 51. Ne7 Nc4+ 52. Kf3 Ke6 53. Nf5 Kf6 54. Kg2 Ne5 55. Kf2 Nd3+ 56. Ke3 Nf4 57. Nxh4 Nxh3 58. Nf3 Nf4 59. Nd4 Ng6 60. Kf3 Ne5+ 61. Kg3 Ke7 62. Nf5+ Ke6 63. Nd4+ Kd5 64. Nf5 Ke4 65. Nd6+ Ke3 66. Nf5+ Kd3 67. Nd6 Kd4 68. Nf5+ Kd5 69. Ne3+ Ke4 70. Nf5 Nc4 71. Ne7 Nd6 72. Nc6 Ke3 73. Ne5 f6 74. Ng6 Ne4+ 75. Kg2 Nc3 76. Nf8 Kf4 77. Kh3 Kf3 78. Ne6 Ne2 79. Nc5 Nf4+ 80. Kh2 Kxg4 81. Ne4 Nd5 82. Kg2 Kf4 83. Nf2 Ne3+ 84. Kg1 Kf3 85. Nd3 g4 86. Nc5 f5 87. Nd3 f4 88. Nc5 g3 89. Nd3 Ke4 90. Nc5+ Kf5 91. Nd3 f3 0-1

[Event "CAN-ch"]
[Site "Toronto CAN"]
[Date "2004.08.22"]
[Round "3.22"]
[White "Huber, Gregory"]
[Black "Cleto, Sam"]
[Result "1-0"]
[WhiteElo "2265"]
[BlackElo "1928"]
[PlyCount "91"]
[GameId "2160767911077908"]
[EventDate "2004.08.20"]
[EventType "swiss"]
[EventRounds "11"]
[EventCountry "CAN"]

1. d4 Nf6 2. Bg5 Ne4 3. Bf4 e6 4. f3 Nf6 5. e4 Be7 6. Nc3 Nh5 7. Be3 Bg5 8. Qd2 Bxe3 9. Qxe3 c6 10. Bd3 b5 11. e5 Qh4+ 12. Qf2 Nf4 13. Bf1 Qe7 14. Ne4 O-O 15. Qd2 Nd5 16. Nh3 Ba6 17. c3 Nb6 18. b3 Nc8 19. Bd3 d6 20. Qf4 dxe5 21. dxe5 Nd7 22. O-O Ncb6 23. Rac1 Nd5 24. Qg3 Ne3 25. Rfe1 Nf5 26. Qf4 h6 27. Ng3 Qc5+ 28. Kh1 Nxg3+ 29. Qxg3 Rfd8 30. Nf2 Nf8 31. Bb1 b4 32. Ng4 Kh8 33. Qf4 bxc3 34. Nxh6 gxh6 35. Qxh6+ Kg8 36. Qg5+ Kh8 37. Re4 Rd4 38. Qh4+ Kg8 39. Rxd4 Qxe5 40. Rg4+ Ng6 41. Bxg6 fxg6 42. Rxg6+ Kf8 43. Rf6+ Ke8 44. Qh8+ Kd7 45. Rf7+ Kd6 46. Rd7+ 1-0

[Event "CAN-ch"]
[Site "Toronto CAN"]
[Date "2004.08.22"]
[Round "3.23"]
[White "Bogle, Bill"]
[Black "Voskanyan, Vahagn"]
[Result "0-1"]
[WhiteElo "2118"]
[BlackElo "2264"]
[PlyCount "138"]
[GameId "2160767911077909"]
[EventDate "2004.08.20"]
[EventType "swiss"]
[EventRounds "11"]
[EventCountry "CAN"]

1. e4 c6 2. Nc3 d5 3. Nf3 dxe4 4. Nxe4 Nf6 5. Ng3 e6 6. d4 Qc7 7. Bd3 c5 8. O-O Nbd7 9. c4 cxd4 10. Nxd4 Nc5 11. Bc2 Bd7 12. b4 Na6 13. b5 Nc5 14. Qf3 Bd6 15. Bb2 h5 16. Rfe1 O-O-O 17. Rad1 Ng4 18. h3 Nf6 19. Nb3 h4 20. Nf1 Be8 21. Bd4 Nfd7 22. Bxg7 Rg8 23. Bf6 Nxf6 24. Qxf6 Be7 25. Rxd8+ Qxd8 26. Qd4 Qc7 27. Rd1 Bd7 28. Nxc5 Bxc5 29. Qe4 f5 30. Qf3 Qe5 31. Rd2 Rg7 32. Qd3 Qf4 33. Kh1 Bxf2 34. Bd1 e5 35. Qf3 Qxf3 36. Bxf3 Bd4 37. Rd1 Be6 38. Nd2 e4 39. Nb3 Bf2 40. Be2 b6 41. Nd4 Bd7 42. Nc2 f4 43. Nb4 f3 44. gxf3 Bxh3 45. fxe4 Bg2+ 46. Kh2 Bxe4 47. Bd3 Rd7 48. Nd5 Bg3+ 49. Kh3 Bf3 50. Rf1 Rf7 51. Be2 Bxd5 52. cxd5 Re7 53. Bg4+ Kc7 54. Be6 Kd6 55. Rc1 Rg7 56. Rc6+ Ke5 57. Rc4 Bf2 58. Rc3 Rg1 59. Rc4 Rg3+ 60. Kh2 Ra3 61. Rc2 Bc5 62. Rb2 Bd6 63. Kg2 Kd4 64. Kh1 Rd3 65. Kg2 Rg3+ 66. Kh1 Rd3 67. Kg2 h3+ 68. Bxh3 Rg3+ 69. Kh2 Rb3+ 0-1

[Event "CAN-ch"]
[Site "Toronto CAN"]
[Date "2004.08.22"]
[Round "3.25"]
[White "Lipnowski, Samuel"]
[Black "Jiganchine, Roman"]
[Result "0-1"]
[WhiteElo "2078"]
[BlackElo "2218"]
[PlyCount "76"]
[GameId "2160767911077910"]
[EventDate "2004.08.20"]
[EventType "swiss"]
[EventRounds "11"]
[EventCountry "CAN"]

1. e4 e5 2. Nf3 Nc6 3. Bb5 a6 4. Ba4 Nf6 5. O-O Nxe4 6. d4 b5 7. Bb3 d5 8. dxe5 Be6 9. c3 Bc5 10. Nbd2 O-O 11. Bc2 Nxf2 12. Rxf2 f6 13. exf6 Bxf2+ 14. Kxf2 Qxf6 15. a4 Rae8 16. axb5 axb5 17. Kg1 Bg4 18. Ra6 Qd6 19. Nb3 Bc8 20. Ra8 Ne5 21. Nbd4 c5 22. Nxe5 cxd4 23. cxd4 Rxe5 24. Bf4 Qc6 25. Bxe5 Qxa8 26. h3 Qc6 27. Qd2 Qh6 28. Qc3 Be6 29. Kh2 Rf2 30. Bb3 b4 31. Qg3 Rxb2 32. Ba4 Qg6 33. Qf3 Rd2 34. Bd6 h6 35. Bxb4 Rxd4 36. Qf8+ Kh7 37. Be8 Qf5 38. Qe7 Qf4+ 0-1